La historia recordada, rescatada, inventada

Saved in:
Bibliografiske detaljer
Hovedforfatter: Lewis, Bernard (Author)
Format: Bog
Sprog:spansk
Udgivet: Ciudad de México Fondo de Cultura Económica 1979
Serier:Breviarios, 282
Fag:
Tags: Tilføj Tag
Ingen Tags, Vær først til at tagge denne postø!

MARC

LEADER 00000nam a2200000 a 4500
001 UCX1986
003 CL-VaPUC
008 901211e19790000MX |||||||||||||||||spa|d
082 0 4 |a 907.202  |b LEW  |2 21 
100 |a Lewis, Bernard  |e author  |9 582148 
245 1 3 |a La historia recordada, rescatada, inventada 
300 |a 132 p 
942 |c BK 
945 |d 19901211 00:00:00 
260 |a Ciudad de México  |b Fondo de Cultura Económica  |c 1979 
650 0 |a Historiografía   |9 257871 
650 0 |a Historiadores  |9 314498 
583 |a last modification  |c 19901211 00:00:00  |k Rodrigo Vera 
490 0 |a Breviarios, 282 
999 |c 223102  |d 223100 
952 |0 0  |1 0  |4 0  |6 907_202000000000000_LEW_1979  |7 0  |8 A  |9 218580  |a BIBHIS  |b BIBHIS  |d 2019-11-15  |i 2873907  |o 907.202 LEW 1979  |p 2873907  |r 2025-01-20  |w 2019-11-15  |y BK  |k HIS 
952 |0 0  |1 0  |4 0  |6 907_202000000000000_LEW_1979  |7 0  |8 A  |9 218581  |a BIBHIS  |b BIBHIS  |d 2019-11-15  |i 136684K  |o 907.202 LEW 1979  |p 136684K  |r 2025-01-20  |w 2019-11-15  |y BK  |k HIS